| 000 | 00477nam a2200193Ia 4500 | ||
|---|---|---|---|
| 999 |
_c93985 _d93985 |
||
| 003 | 0100 | ||
| 005 | 20190701125241.0 | ||
| 008 | 130307s9999 xx 000 0 und d | ||
| 040 | _cARRUPELIB | ||
| 050 | _aHC106.6.G344 1973 | ||
| 100 |
_aGalbraith, John Kenneth _946705 |
||
| 245 | _aEconomics and the public purpose | ||
| 260 |
_aBoston _bHoughton Mifflin Company _c1973 |
||
| 300 | _axiii | ||
| 300 | _b334p. 23cm. | ||
| 650 |
_aEconomic conditions _zUnited States _946706 |
||
| 650 |
_aEconomic policy _zUnited States _946707 |
||
| 942 |
_2lcc _cMONOGRAPH |
||